[Event "OP-2010-0-01233"]
[Site "LSS email"]
[Date "2010.08.15"]
[Round "?"]
[White "Taranina, Alexandra"]
[Black "Dob, Gabor"]
[Result "0-1"]
[WhiteElo "1450"]
[BlackElo "1795"]
[PlyCount "26"]
[EventDate "2010.08.09"]
[EventType "tourn (corr)"]
[EventRounds "4"]
[EventCountry "GER"]
[SourceTitle "Corr 2013"]
[Source "ChessBase"]
[SourceDate "2012.11.12"]
[SourceVersion "1"]
[SourceVersionDate "2012.11.12"]
[SourceQuality "1"]

1. e4 e6 2. Nf3 c5 3. Bc4 a6 4. Nc3 Qc7 5. d3 b5 6. Bb3 Nc6 7. Bg5 Be7 8. 0-0 Bxg5 9. Nxg5 Nf6 10. h3 0-0 11. Qf3 h6 12. e5 Nxe5 13. Nce4 Nxf3+ 0-1